Joss Whedon Media Quiz Stats

 Plays Quiz not verified by Sporcle

Challenge
Share
Tweet
Embed
Score 0/6 Timer 02:00
0 Plays Today
Actors Movie/TV Show/Blog % Correct
Sarah Michelle Gellar, Nicholas Brendon, Alyson HanniganBuffy the Vampire Slayer
99.8%
David Boreanaz, Alexis Denisof, Charisma CarpenterAngel
98.5%
Nathan Fillion, Gina Torres, Alan TudykFirefly
98.5%
Eliza Dushku, Tahmoh Penikett, Fran KranzDollhouse
96.7%
Nathan Fillion, Summer Glau, Adam BaldwinSerenity
86.2%
Neil Patrick Harris, Nathan Fillion, Felicia DayDr. Horrible's Sing-Along Blog
85.6%

You're not logged in!

Compare scores with friends on all Sporcle quizzes.
Join for Free
OR
Log In

You Might Also Like...

Show Comments

Extras

Top Quizzes Today


Score Distribution

Your Account Isn't Verified!

In order to create a playlist on Sporcle, you need to verify the email address you used during registration. Go to your Sporcle Settings to finish the process.

Report this User

Report this user for behavior that violates our Community Guidelines.

Details: